000 01223nam0a2200277 4500
001 RU\NLR\BIBL_A\011653921
005 20250806210417.0
035 _a(NLR Aleph) 011653921
090 _a74039
_c74039
100 _a20180309d1944 d y0rusy50 ca
101 0 _achv
102 _aRU
105 _aab z 000 y
200 1 _aФизикăлла географи
_eтуллимар вăтам татавăтам шк. 5 кл. валли учебник
_fА. С. Барковпа А. А. Половинкин
205 _a4-мěш изд.
210 _aШупашкар
_cЧăваш АССР Гос. изд-ви
_d1944
215 _a141,[2] с.
_cил., карты
_d22
541 1 _aФизическая география
_eучебник для 5-го кл. непол. сред. и сред. шк.
686 1 _aД82
700 1 _aБарков
_bА.С.
_f1873-1953
_gАлександр Сергеевич
701 1 _aПоловинкин
_bА. А.
_cд-р геогр. наук
_f1887-1955
_gАлександр Александрович
_3RU\NLR\AUTH\77113672
852 _aNLR
_bОНЛ
_jЧув./3-540
942 _cBOOK
945 _aРоссийская национальная библиотека
980 _aBV